000 00651nam a2200253Ia 4500
001 45569
005 20240114003717.0
007 ta
008 090318s1932 a g b000 u 346 u
020 _cHB
040 _aCotton College,Assam
041 _a346
082 _a330
_bM 289 A
100 _aMazumdar, Jitendranath .
245 0 _aArther Sandhan /
_cJitendranath Mazumdar.
_hTextual Documents
260 _aCalcutta :
_bSisir Publising ,
_c1932.
300 _a291 p :
_bill ;
_c20 cm .
653 _aBengali
653 _aEconomics
653 _aT/G-Economics
942 _2ddc
_cBK
999 _c45534
_d45534